| 000 | 00914aab a2200193 i 4500 | ||
|---|---|---|---|
| 001 | 768714001 | ||
| 003 | CO-MdFUSB | ||
| 005 | 20240424134502.0 | ||
| 008 | 220822t2005 ck |||| |||| 00| 0 spa d | ||
| 040 |
_bspa _cCO-MdFUSB |
||
| 041 | _aspa | ||
| 100 | 1 |
_aRomo, Victoria E _eautor |
|
| 245 | 1 | 0 |
_aíAló, aló! : _bApuntes Mujer Líder _c/ Victoria E. Romo |
| 300 |
_aVolumen 22, número 3 (abril - junio, 2005), páginas: 18 - 19 _c; 27 cm |
||
| 520 | _aEl teléfono debe ser contestado a la mayor brevedad posible. Es adecuado usar un volumen medio y una dicción clara. Quien contesta debe decir el nombre de la organización y saludar según la hora del día. Si responde desde un residencia, el trato debe ser igualmente amable. | ||
| 653 | _aCortesía laboral | ||
| 773 | 0 |
_tApuntes Pastorales _049442 _960138 _gVolumen 22, número 3 (abril - junio, 2005), páginas: 18 - 19 _qpágina: 18 |
|
| 942 | _cANA | ||
| 999 |
_c60974 _d60974 |
||